Colección primavera-verano 1986 / (Record no. 175641)

MARC details
000 -LEADER
campo de control de longitud fija 00786nam a2200229 i 4500
001 - NÚMERO DE CONTROL
campo de control 175641
003 - IDENTIFICADOR DE NÚMERO DE CONTROL
campo de control ES-MaACL
005 - FECHA Y HORA DE LA ÚLTIMA TRANSACCIÓN
campo de control 20250728033739.0
008 - DATOS DE LONGITUD FIJA--INFORMACIÓN GENERAL
campo de control de longitud fija 101112s1986 sp cfo |||| | spa d
080 ## - NÚMERO DE LA CLASIFICACIÓN DECIMAL UNIVERSAL
Número de la Clasificación Decimal Universal 687.1
100 1# - ENTRADA PRINCIPAL--NOMBRE DE PERSONA
Nombre de persona Piña, Manuel.
9 (RLIN) 143916
245 10 - MENCIÓN DEL TÍTULO
Título Colección primavera-verano 1986 /
Mención de responsabilidad, etc. Manuel Piña ; fotógrafo, Javier Vallhonrat ; [texto], Alejandro Martino.
246 3# - FORMA VARIANTE DEL TITULO
Título propio/Titulo breve Manuel Piña 86
300 ## - DESCRIPCIÓN FÍSICA
Extensión 1 carpeta ([2] h., [10] h. de lám. fot.) ;
Dimensiones 31 cm.
597 ## - NOTA DE DESCRIPCIÓN FÍSICA
NOTA DE DESCRIPCIÓN FÍSICA Son 12 h. sueltas guardadas en carpeta de tela azul.
650 04 - PUNTO DE ACCESO ADICIONAL DE MATERIA--TÉRMINO DE MATERIA
Término de materia o nombre geográfico como elemento de entrada Moda.
9 (RLIN) 15119
650 #7 - PUNTO DE ACCESO ADICIONAL DE MATERIA--TÉRMINO DE MATERIA
Término de materia o nombre geográfico como elemento de entrada Fotografía de mujeres
Fuente del encabezamiento o término embne
9 (RLIN) 141931
700 1# - ENTRADA AGREGADA--NOMBRE PERSONAL
Nombre de persona Vallhonrat, Javier.
9 (RLIN) 143917
700 1# - ENTRADA AGREGADA--NOMBRE PERSONAL
Nombre de persona Martino, Alejandro.
9 (RLIN) 143918
852 ## - LOCALIZACIÓN
Ubicación ES-MaACL
Número de control de estantería 2286-F-16
Holdings
Estatus retirado Estado de pérdida Estado de daño No para préstamo Colección Biblioteca de origen Biblioteca actual Ubicación en estantería Fecha de adquisición Fuente de adquisición Total de préstamos Signatura topográfica completa Código de barras Visto por última vez Precio de reemplazo Tipo de ítem Koha
        Colección de folletos Biblioteca del Ateneo de Madrid Biblioteca del Ateneo de Madrid Depósito folletos 12/11/2010     2286-F-16 1184436 23/02/2023 23/02/2023 Folleto